[Event "Satka Autumn op (Women)"]
[Site "Satka"]
[Date "2022.09.05"]
[Round "7"]
[White "Yusupova, Adel"]
[Black "Grekhneva, Yana"]
[Result "1/2-1/2"]
[WhiteElo "1506"]
[BlackElo "1746"]
[PlyCount "142"]
[EventDate "2022.08.30"]
[EventType "swiss"]
[EventRounds "9"]
[EventCountry "RUS"]
[SourceTitle "CBM 210 Extra"]
[Source "ChessBase"]
[SourceDate "2022.11.30"]
[SourceVersion "1"]
[SourceVersionDate "2022.11.30"]
[SourceQuality "1"]

1. d4 d5 2. c4 c6 3. Nf3 Nf6 4. g3 e6 5. Qc2 Nbd7 6. Bg2 c5 7. cxd5 Nxd5 8. 0-0 Be7 9. e4 Nb4 10. Qb3 cxd4 11. Nxd4 0-0 12. a3 Na6 13. Nc3 Nac5 14. Qc2 a5 15. Rd1 a4 16. Be3 Qa5 17. Rac1 Ne5 18. Qe2 Qa6 19. Ncb5 Bd7 20. Nc7 Qxe2 21. Nxe2 Ra5 22. Bd2 Ra7 23. Nd4 b6 24. Ncb5 Bxb5 25. Nxb5 Rd7 26. Be3 Rfd8 27. Rxd7 Rxd7 28. f4 Ned3 29. Rc2 Ne1 30. Re2 Nxg2 31. Kxg2 Nxe4 32. Bxb6 Rb7 33. Bd4 Nxg3 34. hxg3 Rxb5 35. Rc2 Rb8 36. Rc4 Bf6 37. Bc3 Ra8 38. Kf3 h6 39. Kg4 Bxc3 40. bxc3 f5+ 41. Kh4 Kf7 42. Rb4 Kf6 43. c4 Rd8 44. Rxa4 g5+ 45. Kh3 Rd2 46. fxg5+ hxg5 47. g4 f4 48. Ra8 Ke7 49. Ra7+ Rd7 50. Ra5 Rd3+ 51. Kh2 Kf6 52. c5 Ke5 53. c6+ Kd6 54. Rc5 Kc7 55. a4 Rd5 56. Rc4 e5 57. Kg2 Rd4 58. Rc5 e4 59. Rxg5 Rxa4 60. Rf5 Ra2+ 61. Kf1 f3 62. Rf4 Re2 63. Rf6 Rg2 64. Rf4 Re2 65. Rf6 Ra2 66. Rf4 Ra4 67. Rf6 Rc4 68. Re6 Rc1+ 69. Kf2 Rc2+ 70. Kf1 Re2 71. Rf6 Rc2 1/2-1/2

[Event "Satka Autumn op (Women)"]
[Site "Satka"]
[Date "2022.09.04"]
[Round "6"]
[White "Grekhneva, Yana"]
[Black "Kiseleva, Alina1111"]
[Result "1/2-1/2"]
[WhiteElo "1746"]
[BlackElo "1510"]
[PlyCount "129"]
[EventDate "2022.08.30"]
[EventType "swiss"]
[EventRounds "9"]
[EventCountry "RUS"]
[SourceTitle "CBM 210 Extra"]
[Source "ChessBase"]
[SourceDate "2022.11.30"]
[SourceVersion "1"]
[SourceVersionDate "2022.11.30"]
[SourceQuality "1"]

1. d4 Nf6 2. c4 e6 3. Nc3 Bb4 4. e3 0-0 5. Nge2 d5 6. a3 Bd6 7. Ng3 c5 8. cxd5 cxd4 9. Qxd4 exd5 10. Bd3 Re8 11. 0-0 Nc6 12. Qh4 Ne5 13. Bf5 Bxf5 14. Nxf5 Ng6 15. Qh3 Be5 16. Ne2 Ne4 17. f4 Bc7 18. b4 Ne7 19. Bb2 Nxf5 20. Qxf5 Bb6 21. Bd4 Bxd4 22. Nxd4 a5 23. Rad1 axb4 24. axb4 Qb6 25. Rd3 Qxb4 26. Qxd5 Nc5 27. Nc2 Qb6 28. Rc3 Rac8 29. Nd4 Red8 30. Qf3 Ne6 31. Rxc8 Rxc8 32. Nf5 Rd8 33. Kh1 Qc5 34. e4 b5 35. e5 Nd4 36. Rd1 g6 37. Qg4 Ne6 38. Nd6 Qb4 39. g3 Qa4 40. Qf3 b4 41. Rb1 Nd4 42. Qd5 Qc6 43. Qxc6 Nxc6 44. Kg2 Rb8 45. Kf3 b3 46. Ke4 Na5 47. Kd4 Kf8 48. Kc3 Ke7 49. Kb2 f6 50. Rc1 fxe5 51. fxe5 Rf8 52. Ne4 Ke6 53. Rc5 Nb7 54. Rb5 Nd8 55. Ng5+ Ke7 56. Kxb3 h6 57. Ne4 Nc6 58. Kc4 Rd8 59. Rd5 Ra8 60. Kc5 Nd8 61. Nc3 Nf7 62. Kd4 Ke6 63. Rb5 Ra6 64. h4 Kf5 65. Nd5 1/2-1/2

[Event "Satka Autumn op (Women)"]
[Site "Satka"]
[Date "2022.08.30"]
[Round "1"]
[White "Zhapova, Yana"]
[Black "Grekhneva, Yana"]
[Result "1-0"]
[WhiteElo "2205"]
[BlackElo "1746"]
[PlyCount "49"]
[EventDate "2022.08.30"]
[EventType "swiss"]
[EventRounds "9"]
[EventCountry "RUS"]
[SourceTitle "CBM 210 Extra"]
[Source "ChessBase"]
[SourceDate "2022.11.30"]
[SourceVersion "1"]
[SourceVersionDate "2022.11.30"]
[SourceQuality "1"]

1. e4 c5 2. Nf3 d6 3. Bb5+ Bd7 4. Bxd7+ Nxd7 5. 0-0 e6 6. d4 cxd4 7. Nxd4 a6 8. c4 Ngf6 9. Qe2 Rc8 10. b3 Be7 11. Bb2 0-0 12. Nc3 Re8 13. Rad1 Qc7 14. Rfe1 Nb6 15. Nc2 d5 16. e5 Nfd7 17. cxd5 Nxd5 18. Nxd5 exd5 19. Ne3 Nb6 20. Qg4 Bf8 21. Bd4 Kh8 22. Nf5 Re6 23. Nd6 Rg6 24. Qf5 Bxd6 25. Bxb6 1-0

[Event "Irkutsk Region-ch"]
[Site "Irkutsk"]
[Date "2017.10.23"]
[Round "4"]
[White "Ergeshov, Timur"]
[Black "Grekhneva, Yana"]
[Result "1-0"]
[WhiteElo "2343"]
[BlackElo "1804"]
[PlyCount "113"]
[EventDate "2017.10.21"]
[EventType "swiss"]
[EventRounds "9"]
[EventCountry "RUS"]
[SourceTitle "CBM 181 Extra"]
[Source "ChessBase"]
[SourceDate "2017.12.12"]
[SourceVersion "1"]
[SourceVersionDate "2017.12.12"]
[SourceQuality "1"]

1. d4 d5 2. c4 c6 3. cxd5 cxd5 4. Bg5 Qb6 5. Nc3 Nc6 6. e4 e6 7. exd5 exd5 8. Bb5 Bb4 9. Qa4 Bd7 10. Nge2 f6 11. Bf4 Nge7 12. 0-0 0-0 13. a3 Bxc3 14. bxc3 a6 15. Bxc6 Bxc6 16. Qb4 Qxb4 17. cxb4 Bb5 18. Rfe1 Nf5 19. Be3 Rac8 20. Nf4 Bc4 21. f3 Rfe8 22. Bf2 Kf7 23. g4 Nd6 24. h4 Nb5 25. a4 Nc3 26. Be3 Bb3 27. Ra3 Bc2 28. g5 Rc4 29. Kf1 Bxa4 30. Bd2 Bb5 31. Rxe8 Kxe8 32. Ke1 Nb1 33. Re3+ Kd7 34. Ne6 fxg5 35. hxg5 Nxd2 36. Kxd2 Rxb4 37. Re5 Kd6 38. Ke3 Rb2 39. Nxg7 Re2+ 40. Kf4 Rxe5 41. dxe5+ Ke7 42. Nf5+ Kf7 43. Nd6+ Ke6 44. Nf5 Bc4 45. Nd4+ Ke7 46. Ke3 a5 47. f4 a4 48. Kd2 Bf1 49. Kc3 b5 50. f5 Bh3 51. f6+ Kf7 52. Nxb5 Bd7 53. Nc7 Kf8 54. Nxd5 Be8 55. e6 Kg8 56. Kb4 Kf8 57. Nb6 1-0

[Event "Irkutsk Summer op"]
[Site "Irkutsk"]
[Date "2017.07.29"]
[Round "8"]
[White "Tsydypov, Iljya"]
[Black "Grekhneva, Yana"]
[Result "0-1"]
[WhiteElo "1275"]
[BlackElo "1847"]
[PlyCount "92"]
[EventDate "2017.07.23"]
[EventType "swiss"]
[EventRounds "9"]
[EventCountry "RUS"]
[SourceTitle "EXT 2018"]
[Source "ChessBase"]
[SourceDate "2017.10.13"]
[SourceVersion "1"]
[SourceVersionDate "2017.10.13"]
[SourceQuality "1"]

1. e4 c5 2. d4 cxd4 3. c3 Nf6 4. e5 Nd5 5. Nf3 Nc6 6. cxd4 d6 7. Bc4 Nb6 8. Bb5 a6 9. Bxc6+ bxc6 10. 0-0 e6 11. Nc3 Be7 12. Bf4 dxe5 13. Nxe5 Bb7 14. Ne4 Nd5 15. Be3 Nxe3 16. fxe3 0-0 17. Rc1 Rc8 18. Qa4 c5 19. dxc5 Bxe4 20. Qxe4 Bxc5 21. Rfd1 Qg5 22. Rc3 f5 23. Qf3 Ba7 24. Rdc1 Bxe3+ 25. Qxe3 Qxe3+ 26. Rxe3 Rxc1+ 27. Kf2 Rc2+ 28. Kf3 Rxb2 29. Nc4 Rxa2 30. Rxe6 Kf7 31. Rb6 g5 32. Ne5+ Kg8 33. Rb7 g4+ 34. Kg3 Ra5 35. Nc6 Rc5 36. Ne7+ Kh8 37. Kf4 Rb5 38. Rc7 Rb6 39. Kg5 a5 40. Nc6 a4 41. Ne5 Ra6 42. Rc2 a3 43. Ra2 Kg7 44. Nc4 Ra4 45. Nxa3 Rfa8 46. Rb2 Rxa3 0-1

[Event "Irkutsk Summer op"]
[Site "Irkutsk"]
[Date "2017.07.27"]
[Round "6"]
[White "Grekhneva, Yana"]
[Black "Trukhin, Dmitry"]
[Result "1-0"]
[WhiteElo "1847"]
[BlackElo "1786"]
[PlyCount "59"]
[EventDate "2017.07.23"]
[EventType "swiss"]
[EventRounds "9"]
[EventCountry "RUS"]
[SourceTitle "EXT 2018"]
[Source "ChessBase"]
[SourceDate "2017.10.13"]
[SourceVersion "1"]
[SourceVersionDate "2017.10.13"]
[SourceQuality "1"]

1. d4 Nf6 2. c4 g6 3. f3 Bg7 4. e4 d6 5. Nc3 0-0 6. Be3 Nbd7 7. Qd2 e5 8. d5 Ne8 9. Bd3 f5 10. exf5 gxf5 11. Bg5 Ndf6 12. Nge2 f4 13. g3 h6 14. Bh4 Qd7 15. gxf4 Qh3 16. Bg3 Nh5 17. 0-0-0 exf4 18. Nxf4 Nxf4 19. Bxf4 Nf6 20. Rdg1 Kh8 21. Rg3 Qd7 22. Bxh6 Rf7 23. Bxg7+ Rxg7 24. Qh6+ Kg8 25. Rhg1 Ng4 26. Rxg4 Qxg4 27. fxg4 Bd7 28. Ne4 Be8 29. Rf1 Rg6 30. Rf8# 1-0

[Event "Irkutsk Summer op"]
[Site "Irkutsk"]
[Date "2017.07.24"]
[Round "2"]
[White "Daurtsev, Egor"]
[Black "Grekhneva, Yana"]
[Result "1/2-1/2"]
[WhiteElo "1708"]
[BlackElo "1847"]
[PlyCount "87"]
[EventDate "2017.07.23"]
[EventType "swiss"]
[EventRounds "9"]
[EventCountry "RUS"]
[SourceTitle "EXT 2018"]
[Source "ChessBase"]
[SourceDate "2017.10.13"]
[SourceVersion "1"]
[SourceVersionDate "2017.10.13"]
[SourceQuality "1"]

1. e4 c5 2. Nf3 Nc6 3. Bb5 d6 4. Bxc6+ bxc6 5. 0-0 Bg4 6. h3 Bh5 7. d3 e5 8. Be3 Be7 9. Nbd2 Nf6 10. Re1 Nd7 11. Nf1 Bh4 12. N1d2 h6 13. c3 0-0 14. Qa4 Rc8 15. Qxa7 Be7 16. Qa4 d5 17. d4 dxe4 18. Nxe5 Nb6 19. Qb3 cxd4 20. cxd4 c5 21. dxc5 Bxc5 22. Nxe4 Bxe3 23. Rxe3 Re8 24. Ng3 Qg5 25. Nxh5 Rxe5 26. Qxb6 Qxh5 27. Qd4 Rg5 28. Rae1 Qg6 29. Qe4 Qd6 30. a3 Qf6 31. R3e2 g6 32. Qd3 Qc6 33. g3 Rh5 34. Kh2 Rb8 35. Qd4 Kh7 36. Re5 Qf6 37. R1e2 Rf5 38. f4 Qa6 39. Qd2 Rf6 40. R5e3 Rfb6 41. Re8 Rxb2 42. Qxb2 Rxb2 43. Rxb2 Qxa3 44. Ree2 1/2-1/2

[Event "Irkutsk Summer op"]
[Site "Irkutsk"]
[Date "2017.07.24"]
[Round "3"]
[White "Grekhneva, Yana"]
[Black "Vasyukov, Arkady"]
[Result "1/2-1/2"]
[WhiteElo "1847"]
[BlackElo "1836"]
[PlyCount "64"]
[EventDate "2017.07.23"]
[EventType "swiss"]
[EventRounds "9"]
[EventCountry "RUS"]
[SourceTitle "EXT 2018"]
[Source "ChessBase"]
[SourceDate "2017.10.13"]
[SourceVersion "1"]
[SourceVersionDate "2017.10.13"]
[SourceQuality "1"]

1. d4 d5 2. c4 dxc4 3. Nc3 c6 4. a4 Nf6 5. e3 e6 6. Bxc4 c5 7. Nf3 Nc6 8. Bb5 Bd7 9. d5 exd5 10. Nxd5 Nxd5 11. Qxd5 Be7 12. 0-0 0-0 13. Qe4 Qc7 14. Bd2 Kh8 15. Bc3 f5 16. Qc2 Be6 17. b3 Rac8 18. Rac1 b6 19. Ba6 Rcd8 20. Qb2 Bf6 21. Bxf6 Rxf6 22. Ng5 Bd5 23. Bc4 h6 24. Nh3 Ne5 25. Bxd5 Rxd5 26. Nf4 Rd7 27. Rcd1 Rxd1 28. Rxd1 Rd6 29. Nd5 Ng6 30. Qc2 Qd7 31. Nc3 Rxd1+ 32. Nxd1 Ne5 1/2-1/2

[Event "Irkutsk-ch U19"]
[Site "Irkutsk"]
[Date "2017.01.20"]
[Round "9"]
[White "Trukhin, Dmitry"]
[Black "Grekhneva, Yana"]
[Result "0-1"]
[WhiteElo "1770"]
[BlackElo "1887"]
[PlyCount "84"]
[EventDate "2017.01.14"]
[EventType "swiss"]
[EventRounds "9"]
[EventCountry "RUS"]
[SourceTitle "EXT 2022"]
[Source "ChessBase"]
[SourceDate "2021.10.06"]
[SourceVersion "1"]
[SourceVersionDate "2021.10.06"]
[SourceQuality "1"]

1. d4 d5 2. c4 c6 3. Nc3 e6 4. Nf3 Nf6 5. e3 Nbd7 6. Bd3 dxc4 7. Bxc4 b5 8. Bd3 Bd6 9. 0-0 0-0 10. e4 e5 11. Ne2 Bb7 12. Ng3 exd4 13. Nf5 Be5 14. Bg5 c5 15. Nxe5 Nxe5 16. f4 Nxd3 17. Bxf6 Qxf6 18. Qxd3 Rfe8 19. e5 Qg6 20. g4 Qc6 21. Qg3 Rad8 22. Rad1 d3 23. Rd2 c4 24. Nd6 Re7 25. Nxb7 Qxb7 26. Re1 Qa6 27. f5 Rde8 28. Rf2 Qb6 29. Kg2 Qc6+ 30. Kh3 Qd5 31. e6 fxe6 32. f6 gxf6 33. Rxf6 Rf8 34. Rxf8+ Kxf8 35. Rf1+ Rf7 36. Rxf7+ Kxf7 37. Qf4+ Kg7 38. Qd2 Qf3+ 39. Kh4 h6 40. h3 Kg6 41. g5 Qh5+ 42. Kg3 Qxg5+ 0-1

[Event "Irkutsk-ch U19"]
[Site "Irkutsk"]
[Date "2017.01.15"]
[Round "2"]
[White "Derevyanko, Yulia"]
[Black "Grekhneva, Yana"]
[Result "1-0"]
[WhiteElo "1620"]
[BlackElo "1887"]
[PlyCount "111"]
[EventDate "2017.01.14"]
[EventType "swiss"]
[EventRounds "9"]
[EventCountry "RUS"]
[SourceTitle "EXT 2022"]
[Source "ChessBase"]
[SourceDate "2021.10.06"]
[SourceVersion "1"]
[SourceVersionDate "2021.10.06"]
[SourceQuality "1"]

1. e4 c5 2. d4 cxd4 3. c3 g6 4. cxd4 Bg7 5. Nf3 e6 6. Bc4 Ne7 7. 0-0 0-0 8. e5 Nbc6 9. Qe2 a6 10. Nc3 b5 11. Bb3 Bb7 12. Rd1 Nf5 13. Ne4 h6 14. Ng3 Nh4 15. Be3 Nxf3+ 16. gxf3 Bxe5 17. dxe5 Nxe5 18. Ne4 Qh4 19. Bd4 Nxf3+ 20. Qxf3 Bxe4 21. Qg3 Qh5 22. Rac1 Rac8 23. Re1 d5 24. h3 g5 25. Kh2 Qg6 26. Qe5 Kh7 27. Rc7 Rxc7 28. Qxc7 Rg8 29. Rg1 h5 30. Qg3 f6 31. f3 Bd3 32. Rc1 h4 33. Qd6 Rg7 34. Qxe6 Bc4 35. Bxc4 dxc4 36. Qxf6 Qxf6 37. Bxf6 Rg6 38. Bc3 Re6 39. Re1 Rd6 40. Kg2 Rb6 41. Re5 Kg6 42. Kf2 b4 43. Bd2 Kf6 44. Rc5 c3 45. bxc3 bxc3 46. Bxc3+ Kg6 47. Re5 Rc6 48. Bb4 Rc2+ 49. Re2 Rc4 50. a3 Kf5 51. Re3 Rc1 52. Re1 Rc2+ 53. Re2 Rc1 54. Kg2 Ra1 55. Rc2 Rd1 56. Rc6 1-0

[Event "Irkutsk Region-ch U19"]
[Site "Irkutsk"]
[Date "2016.04.05"]
[Round "9"]
[White "Grekhneva, Yana"]
[Black "Trukhin, Dmitry"]
[Result "1-0"]
[WhiteElo "1757"]
[BlackElo "1608"]
[PlyCount "71"]
[EventDate "2016.03.31"]
[EventType "swiss"]
[EventRounds "9"]
[EventCountry "RUS"]
[SourceTitle "EXT 2017"]
[Source "ChessBase"]
[SourceDate "2016.10.25"]
[SourceVersion "1"]
[SourceVersionDate "2016.10.25"]
[SourceQuality "1"]

1. d4 d5 2. c4 c6 3. Nc3 Nf6 4. Nf3 e6 5. Bg5 h6 6. Bh4 Be7 7. e3 b6 8. cxd5 exd5 9. Bd3 Nbd7 10. 0-0 0-0 11. Nd2 Bb7 12. f3 Rc8 13. Rc1 c5 14. dxc5 Nxc5 15. Bf5 Ra8 16. Ne2 Ba6 17. Re1 Nfd7 18. Bxe7 Qxe7 19. Nf4 Qe5 20. Bxd7 Nxd7 21. b4 g5 22. Nh3 Rfe8 23. f4 Qe7 24. Qh5 d4 25. e4 gxf4 26. Qxh6 Ne5 27. Nxf4 Qf8 28. Qh4 Ng6 29. Nxg6 fxg6 30. Rc7 Qg7 31. Rxg7+ Kxg7 32. e5 Rad8 33. Qf6+ Kh7 34. Re4 Be2 35. Nf3 Bxf3 36. gxf3 1-0

[Event "Irkutsk Region-ch U19"]
[Site "Irkutsk"]
[Date "2016.04.02"]
[Round "4"]
[White "Grekhneva, Yana"]
[Black "Galenpolsky, Mikhail"]
[Result "1-0"]
[WhiteElo "1757"]
[BlackElo "1862"]
[PlyCount "85"]
[EventDate "2016.03.31"]
[EventType "swiss"]
[EventRounds "9"]
[EventCountry "RUS"]
[SourceTitle "EXT 2017"]
[Source "ChessBase"]
[SourceDate "2016.10.25"]
[SourceVersion "1"]
[SourceVersionDate "2016.10.25"]
[SourceQuality "1"]

1. d4 Nf6 2. c4 e6 3. Nc3 Bb4 4. e3 d5 5. a3 Bxc3+ 6. bxc3 Ne4 7. Qc2 0-0 8. cxd5 exd5 9. Bd3 f5 10. Ne2 c6 11. 0-0 Nd7 12. Nf4 Rf6 13. c4 g5 14. Ne2 Nf8 15. f3 Nd6 16. cxd5 cxd5 17. Nc3 Nf7 18. Bb2 Ng6 19. Qd2 Be6 20. Bc2 Rc8 21. e4 fxe4 22. fxe4 Nf4 23. e5 Rh6 24. Ne2 Nxe2+ 25. Qxe2 Qd7 26. Rf2 Bg4 27. Qd2 Rhc6 28. Ba4 Qe7 29. Bxc6 bxc6 30. Bc3 Bh5 31. Bb4 Qd7 32. Rf6 Bg4 33. Raf1 Be6 34. Bc5 Rc7 35. R6f2 Rb7 36. Qc2 Rb8 37. Rb1 Rb5 38. Rxb5 cxb5 39. Bb4 a6 40. Qc5 Qd8 41. Rf6 Bc8 42. e6 Nd6 43. e7 1-0

[Event "Irkutsk Region-ch U19"]
[Site "Irkutsk"]
[Date "2016.03.31"]
[Round "2"]
[White "Ergeshov, Timur"]
[Black "Grekhneva, Yana"]
[Result "1-0"]
[WhiteElo "2242"]
[BlackElo "1757"]
[PlyCount "83"]
[EventDate "2016.03.31"]
[EventType "swiss"]
[EventRounds "9"]
[EventCountry "RUS"]
[SourceTitle "EXT 2017"]
[Source "ChessBase"]
[SourceDate "2016.10.25"]
[SourceVersion "1"]
[SourceVersionDate "2016.10.25"]
[SourceQuality "1"]

1. d4 d5 2. c4 dxc4 3. Nf3 Nf6 4. e3 e6 5. Bxc4 c5 6. 0-0 Nc6 7. Qe2 cxd4 8. Rd1 Be7 9. exd4 0-0 10. Nc3 Nb4 11. Bg5 Bd7 12. Rac1 Bc6 13. Ne5 Nfd5 14. Bxe7 Nxe7 15. Nxc6 bxc6 16. Bb3 Rc8 17. Ne4 Nf5 18. Nc5 Nd5 19. Bc2 Qg5 20. Ne4 Nf4 21. Qf3 Qh6 22. g3 Nxd4 23. Rxd4 Nh3+ 24. Kg2 Qxc1 25. Nf6+ gxf6 26. Rg4+ Ng5 27. Qxf6 Qxc2 28. Rxg5+ Qg6 29. h4 Rfd8 30. h5 Qxg5 31. Qxg5+ Kf8 32. Qc5+ Ke8 33. Qxa7 c5 34. Qa4+ Ke7 35. Qe4 Rb8 36. b3 Rd2 37. Qe5 Rbd8 38. Qxc5+ Kf6 39. a4 R8d5 40. Qc3+ Ke7 41. b4 Ra2 42. a5 1-0

[Event "Irkutsk-ch op"]
[Site "Irkutsk"]
[Date "2016.02.14"]
[Round "2"]
[White "Grekhneva, Yana"]
[Black "Kyshtymov, Daniil"]
[Result "1-0"]
[WhiteElo "1757"]
[BlackElo "1929"]
[PlyCount "91"]
[EventDate "2016.02.13"]
[EventType "swiss"]
[EventRounds "9"]
[EventCountry "RUS"]
[SourceTitle "EXT 2018"]
[Source "ChessBase"]
[SourceDate "2017.10.13"]
[SourceVersion "1"]
[SourceVersionDate "2017.10.13"]
[SourceQuality "1"]

1. d4 Nf6 2. c4 g6 3. Nc3 Bg7 4. e4 d6 5. f3 0-0 6. Be3 c5 7. Nge2 Nc6 8. d5 Ne5 9. Ng3 a6 10. a4 Qb6 11. b3 Ne8 12. Bd2 f5 13. exf5 Bxf5 14. Nxf5 Rxf5 15. Be2 Rf7 16. 0-0 Nf6 17. Rc1 Raf8 18. Kh1 Nh5 19. Ne4 h6 20. g3 Nd7 21. Qc2 Kh7 22. f4 Nhf6 23. Bd3 Nxe4 24. Bxe4 Rf6 25. Bc3 e5 26. dxe6 Rxe6 27. f5 Re7 28. fxg6+ Kh8 29. Rxf8+ Nxf8 30. Rf1 Ne6 31. Qd2 Nd4 32. Qf4 Qxb3 33. Qxd6 Re8 34. Qd7 Ra8 35. Bd2 Qxc4 36. Rc1 Qe2 37. Qxb7 Rf8 38. Bf4 Re8 39. Be5 Rg8 40. Bxg7+ Rxg7 41. Qb8+ Rg8 42. Qe5+ Rg7 43. Qe8+ Rg8 44. g7+ Kxg7 45. Qe7+ Kh8 46. Qh7# 1-0

[Event "Irkutsk-ch"]
[Site "Irkutsk"]
[Date "2016.01.10"]
[Round "9"]
[White "Grekhneva, Yana"]
[Black "Nasonova, Arina"]
[Result "1-0"]
[WhiteElo "1778"]
[BlackElo "1362"]
[PlyCount "71"]
[EventDate "2016.01.04"]
[EventType "swiss"]
[EventRounds "9"]
[EventCountry "RUS"]
[SourceTitle "CBM 170 Extra"]
[Source "ChessBase"]
[SourceDate "2016.02.25"]
[SourceVersion "1"]
[SourceVersionDate "2016.02.25"]
[SourceQuality "1"]

1. d4 d5 2. c4 c6 3. Nc3 dxc4 4. a4 Nf6 5. e3 Be6 6. Nf3 Nbd7 7. Nd2 g6 8. Bxc4 Bxc4 9. Nxc4 Bg7 10. 0-0 0-0 11. Rb1 Re8 12. e4 e5 13. d5 cxd5 14. exd5 Rc8 15. Nd6 Rc5 16. Nxe8 Qxe8 17. Be3 Rc4 18. Nb5 Qe7 19. Rc1 Rb4 20. Rc8+ Nf8 21. Bc5 Qd7 22. Rc7 Qd8 23. Bxb4 Nxd5 24. Be7 Qe8 25. Qxd5 a6 26. Nd6 Ne6 27. Nxe8 Nxc7 28. Nxc7 h5 29. Qd8+ Kh7 30. Bf6 Kh6 31. h4 Kh7 32. Ne8 Kh6 33. Bxg7+ Kh7 34. Qf6 a5 35. Bf8 Kg8 36. Qg7# 1-0

[Event "Irkutsk Region-ch (Women)"]
[Site "Irkutsk"]
[Date "2015.12.20"]
[Round "7"]
[White "Grekhneva, Yana"]
[Black "Grekhneva, Natalja"]
[Result "1-0"]
[WhiteElo "1778"]
[BlackElo "1688"]
[PlyCount "119"]
[EventDate "2015.12.13"]
[EventType "swiss"]
[EventRounds "7"]
[EventCountry "RUS"]
[SourceTitle "EXT 2022"]
[Source "ChessBase"]
[SourceDate "2021.10.06"]
[SourceVersion "1"]
[SourceVersionDate "2021.10.06"]
[SourceQuality "1"]

1. d4 c5 2. d5 d6 3. c4 e5 4. Nc3 a6 5. e4 Ne7 6. Nge2 Ng6 7. g3 Be7 8. h4 0-0 9. h5 Nh8 10. Bh3 Bxh3 11. Rxh3 Qd7 12. Ng1 b5 13. cxb5 axb5 14. g4 f6 15. Rg3 Nf7 16. Qe2 b4 17. Nb1 Na6 18. Nd2 Nc7 19. Nh3 Nb5 20. Nf3 Nd4 21. Nxd4 exd4 22. f4 Rae8 23. Qg2 Bd8 24. Nf2 c4 25. a3 b3 26. Bd2 Qa7 27. Nd1 Ba5 28. Bxa5 Qxa5+ 29. Kf1 h6 30. Rc1 Rc8 31. Kg1 Rc7 32. Qf2 Qc5 33. Kh2 Qa7 34. Qf1 Rfc8 35. Qe1 c3 36. Nxc3 dxc3 37. Rcxc3 Rxc3 38. Rxc3 Rxc3 39. Qxc3 Qf2+ 40. Kh3 Qc2 41. Qd4 Nd8 42. e5 dxe5 43. fxe5 fxe5 44. Qxe5 Kf8 45. d6 Nc6 46. Qd5 Qxb2 47. Qxc6 Qxa3 48. Qc8+ Kf7 49. Qd7+ Kf8 50. Qe7+ Kg8 51. Qe8+ Kh7 52. Qg6+ Kh8 53. Qe8+ Kh7 54. Qe4+ Kg8 55. d7 b2+ 56. Kh4 Qf8 57. Qd5+ Kh7 58. Qd3+ Kg8 59. d8Q b1Q 60. Qxf8+ 1-0

[Event "Irkutsk Region-ch (Women)"]
[Site "Irkutsk"]
[Date "2015.12.13"]
[Round "1"]
[White "Mineeva, Lyubov"]
[Black "Grekhneva, Yana"]
[Result "1/2-1/2"]
[WhiteElo "1346"]
[BlackElo "1778"]
[PlyCount "86"]
[EventDate "2015.12.13"]
[EventType "swiss"]
[EventRounds "7"]
[EventCountry "RUS"]
[SourceTitle "EXT 2022"]
[Source "ChessBase"]
[SourceDate "2021.10.06"]
[SourceVersion "1"]
[SourceVersionDate "2021.10.06"]
[SourceQuality "1"]

1. Nf3 d5 2. d4 Nf6 3. c4 dxc4 4. Nc3 e6 5. e3 c5 6. Bxc4 a6 7. Ne5 cxd4 8. exd4 b5 9. Be2 Bb7 10. Bf3 Nd5 11. 0-0 g6 12. a3 Bg7 13. Re1 0-0 14. Nxd5 Bxd5 15. Be3 f6 16. Bxd5 Qxd5 17. Nd3 Nc6 18. Nf4 Qd7 19. d5 exd5 20. Qxd5+ Qxd5 21. Nxd5 f5 22. Rab1 Ne5 23. Nc7 Nd3 24. Re2 Rac8 25. Nxa6 f4 26. Bd2 Nxb2 27. Kf1 f3 28. gxf3 Rxf3 29. Be3 Nc4 30. Rxb5 Nxa3 31. Rb8 Rxb8 32. Nxb8 Nc4 33. Nc6 Nxe3+ 34. Rxe3 Rxe3 35. fxe3 Kf7 36. Nb4 Kf6 37. Kg2 Ke5 38. Kf3 Kf5 39. Nc2 Kg5 40. e4 Be5 41. h3 Kh4 42. Kg2 Kg5 43. Kf3 Kh4 1/2-1/2

[Event "Irkutsk Region-ch U19"]
[Site "Irkutsk"]
[Date "2015.06.24"]
[Round "5"]
[White "Grekhneva, Yana"]
[Black "Galenpolsky, Mikhail"]
[Result "1-0"]
[WhiteElo "1603"]
[BlackElo "1734"]
[PlyCount "35"]
[EventDate "2015.06.20"]
[EventType "swiss"]
[EventRounds "7"]
[EventCountry "RUS"]
[SourceTitle "EXT 2022"]
[Source "ChessBase"]
[SourceDate "2021.10.06"]
[SourceVersion "1"]
[SourceVersionDate "2021.10.06"]
[SourceQuality "1"]

1. d4 Nf6 2. c4 g6 3. f3 c5 4. d5 Bg7 5. Nc3 0-0 6. e4 d6 7. Bg5 a6 8. Qd2 Nbd7 9. Nge2 Qa5 10. Ng3 Rb8 11. a4 Nb6 12. Qc2 Qb4 13. a5 Nxc4 14. Bxc4 Nxe4 15. Ngxe4 Bf5 16. Ra4 Bxe4 17. fxe4 Bxc3+ 18. bxc3 1-0